| 000 | 00512nam a2200181Ia 4500 | ||
|---|---|---|---|
| 003 | GCL | ||
| 008 | 140319s9999 xx 000 0 ara d | ||
| 040 |
_aGCL / _cGCL |
||
| 082 | 0 | 4 |
_aق _b808.51 _bس ق |
| 245 | 1 | 0 | _aقال الرئيس السادات |
| 260 |
_a[S.N] : _bالسكرتارية الصحفية لرئيس الجمهورية ، _c1971 |
||
| 300 | _aمتعدد الترقيم | ||
| 490 | _a | ||
| 650 | 0 | 4 | _aالعصر الحديث |
| 650 | 0 | 4 | _aمصر |
| 650 | 0 | 4 | _aالخطب |
| 942 |
_2ddc _cBK |
||
| 999 |
_c37063 _d37063 |
||